Visa security policy : roles of the Departments of State and Homeland Security /

Bibliographic Details
Main Author: Wasem, Ruth Ellen (Author)
Format: Government Document Database
Language:English
Published: [Washington, D.C.] : Congressional Research Service, [2018?]-
Edition:[Library of Congress public edition].
Series:CRS report ; R41093.
Subjects:
Online Access:https://purl.fdlp.gov/GPO/gpo140801

MARC

Tag First Indicator Second Indicator Subfields
LEADER 00000cai a2200000 i 4500
001 in00004339070
005 20211120105607.0
006 m o d f
007 cr mn|||||||||
008 200701c20189999dcu x w obb f0 2eng c
010 |a  2020231141 
035 |a (OCoLC)on1161994322 
040 |a GPO  |b eng  |e rda  |e pn  |c GPO  |d MvI  |d UtOrBLW 
042 |a pcc 
043 |a n-us--- 
049 |a WWW 
074 |a 0807-A-07 (online) 
086 0 |a LC 14.23:R 41093/ 
100 1 |a Wasem, Ruth Ellen,  |e author.  |0 http://id.loc.gov/authorities/names/nr99015096 
245 1 0 |a Visa security policy :  |b roles of the Departments of State and Homeland Security /  |c Ruth Ellen Wasem. 
250 |a [Library of Congress public edition]. 
264 1 |a [Washington, D.C.] :  |b Congressional Research Service,  |c [2018?]- 
300 |a 1 online resource. 
310 |a Updated irregularly 
336 |a text  |b txt  |2 rdacontent 
337 |a computer  |b c  |2 rdamedia 
338 |a online resource  |b cr  |2 rdacarrier 
490 1 |a Report / Congressional Research Service ;  |v R41093 
500 |a The CRS report home page provides access to all versions published since 2018 in accordance with P.L. 115-141; earliest version dated [2011]. 
504 |a Report includes bibliographical references. 
588 |a Description based on contents viewed on July 1, 2020; title from CRS report home page. 
610 1 0 |a United States.  |b Department of State  |x Rules and practice. 
610 1 0 |a United States.  |b Department of Homeland Security  |x Rules and practice. 
650 0 |a Visas  |x Government policy  |z United States. 
650 0 |a Emigration and immigration law  |z United States.  |0 http://id.loc.gov/authorities/subjects/sh85042791 
650 0 |a National security  |z United States.  |0 http://id.loc.gov/authorities/subjects/sh85140387 
710 2 |a Library of Congress.  |b Congressional Research Service,  |e issuing body.  |0 http://id.loc.gov/authorities/names/n79061321 
773 0 8 |i Contained in (work):  |t CRS reports (Library of Congress. Congressional Research Service)  |w (DLC) 2018231131  |w (OCoLC)1052784408 
830 0 |a CRS report ;  |v R41093.  |0 http://id.loc.gov/authorities/names/no2018108464 
856 4 0 |u https://purl.fdlp.gov/GPO/gpo140801  |t 0 
999 f f |s 10e2be34-0996-360e-ad25-7cb5c7c25f3d  |i 62fdd75a-37ab-3098-a269-3999ee02242a  |t 0 
952 f f |a Texas A&M University  |b College Station  |c Electronic Resources  |d Available Online  |t 0  |e LC 14.23:R 41093/  |h Superintendent of Documents classification 
998 f f |a LC 14.23:R 41093/  |t 0  |l Available Online